[Event "Open International des Sables d'Olonne"]
[Site "Les Sables d'Olonne ; France"]
[Date "2015.07.11"]
[Round "1.1"]
[White "Tupet, Guillaume"]
[Black "Le Roux, Jean-Pierre"]
[Result "0-1"]
[WhiteElo "1930"]
[BlackElo "2572"]
[PlyCount "56"]
[EventDate "2015.??.??"]

1. d4 Nf6 2. c4 e6 3. Nc3 Bb4 4. e3 O-O 5. Bd3 d5 6. Nf3 c5 7. O-O dxc4 8. Bxc4
Nbd7 9. a3 Bxc3 10. bxc3 b6 11. Re1 Bb7 12. Bd3 Be4 13. Bf1 Qc7 14. Nd2 Bb7 15.
Bb2 Rac8 16. Bd3 Rfd8 17. e4 cxd4 18. cxd4 Nc5 19. Bb1 Qf4 20. Qe2 Na4 21. e5
Ng4 22. g3 Qxf2+ 23. Qxf2 Nxf2 24. Bc1 Nh3+ 25. Kf1 Rxd4 26. Ne4 Bd5 27. Kg2
Nc3 28. Kf3 Nxb1 0-1

[Event "Open International des Sables d'Olonne"]
[Site "Les Sables d'Olonne ; France"]
[Date "2015.07.11"]
[Round "1.2"]
[White "Lagarde, Maxime"]
[Black "Tolibayev, Timur"]
[Result "1-0"]
[WhiteElo "2544"]
[BlackElo "1919"]
[Annotator "Violeau,Jean-Luc"]
[PlyCount "50"]
[EventDate "2015.??.??"]

1. e4 e5 2. Nf3 Nf6 3. Nxe5 d6 4. Nf3 Nxe4 5. Nc3 Nxc3 6. dxc3 Be7 7. Be3 Nc6
8. Qd2 Be6 9. Bb5 a6 10. Ba4 O-O 11. Bxc6 bxc6 12. Nd4 Bd7 13. O-O-O d5 14. h4
Qc8 15. c4 dxc4 16. Bg5 f6 17. Bf4 Qb7 18. Rhe1 Rfb8 19. Qc3 Bf8 20. Ne6 c5 21.
Nxc5 Bxc5 22. Rxd7 Qxg2 23. Bxc7 Rb7 24. Qd2 Qc6 25. Qd5+ Qxd5 {puis gain
blanc au coup 47.} 1-0

[Event "Open International des Sables d'Olonne"]
[Site "Les Sables d'Olonne ; France"]
[Date "2015.07.11"]
[Round "1.3"]
[White "Laurent, Francois"]
[Black "Demuth, Adrien"]
[Result "0-1"]
[WhiteElo "1917"]
[BlackElo "2531"]
[PlyCount "40"]
[EventDate "2015.??.??"]

1. Nf3 c5 2. c4 Nc6 3. d4 cxd4 4. Nxd4 Nf6 5. Nc3 e6 6. Ndb5 Bc5 7. Nd6+ Ke7 8.
Nde4 Nxe4 9. Nxe4 Bb4+ 10. Bd2 d5 11. Bxb4+ Nxb4 12. a3 Nc6 13. Nd2 dxc4 14.
Nxc4 b5 15. Qxd8+ Rxd8 16. Nd2 Bb7 17. e3 Ne5 18. Be2 Rac8 19. Nf3 Bxf3 20.
Bxf3 Nd3+ 0-1

[Event "Open International des Sables d'Olonne"]
[Site "Les Sables d'Olonne ; France"]
[Date "2015.07.11"]
[Round "1.4"]
[White "Riff, Jean-Noel"]
[Black "Colsaet, Sylvain"]
[Result "1-0"]
[WhiteElo "2502"]
[BlackElo "1915"]
[PlyCount "51"]
[EventDate "2015.??.??"]

1. e4 e5 2. Nf3 Nc6 3. Bb5 a6 4. Ba4 Nf6 5. O-O b5 6. Bb3 Bc5 7. a4 Bb7 8. d3
O-O 9. Nc3 b4 10. Nd5 Nd4 11. Nxd4 Nxd5 12. Nf3 Nf6 13. Nxe5 d5 14. d4 Bd6 15.
exd5 Bxd5 16. Bxd5 Nxd5 17. Qf3 Ne7 18. Re1 Ng6 19. Nc4 Be7 20. c3 Bf6 21. Be3
Nh4 22. Qc6 Re8 23. Bf4 bxc3 24. bxc3 Rxe1+ 25. Rxe1 Rb8 26. Qxc7 1-0

[Event "Open International des Sables d'Olonne"]
[Site "Les Sables d'Olonne ; France"]
[Date "2015.07.11"]
[Round "1.5"]
[White "Girard, Eric"]
[Black "Tirard, Hugo"]
[Result "1/2-1/2"]
[WhiteElo "2122"]
[BlackElo "2453"]
[PlyCount "121"]
[EventDate "2015.??.??"]

1. c4 Nf6 2. Nc3 g6 3. e4 d6 4. d4 Bg7 5. Be2 O-O 6. Bg5 c6 7. Qd2 e5 8. d5
cxd5 9. cxd5 Na6 10. h4 Nc5 11. f3 Bd7 12. g4 Qe7 13. Nh3 Rfc8 14. Nf2 Qf8 15.
h5 a5 16. Kf1 Ne8 17. Kg2 Nc7 18. hxg6 hxg6 19. Rh2 f6 20. Bh6 g5 21. Bxg7 Qxg7
22. Nh1 Kf7 23. Ng3 Rh8 24. Rhh1 Rxh1 25. Rxh1 Rh8 26. Rxh8 Qxh8 27. Nd1 Qa8
28. Ne3 Ne8 29. Qe1 Ke7 30. Ngf5+ Kd8 31. Qh1 Qc8 32. Qh7 Bxf5 33. Nxf5 Qd7 34.
Qxd7+ Nxd7 35. Bb5 Nc7 36. Nxd6 Nc5 37. a4 Nxb5 38. axb5 a4 39. Nc4 Nd3 40. Kf1
Nxb2 41. Na3 Nd3 42. Ke2 Nc5 43. Kd2 Nb3+ 44. Kc3 Nd4 45. Kb4 Nxf3 46. Nc4 Ne1
47. Kxa4 Nd3 48. Ka5 Nf2 49. Kb6 Kc8 50. Nd6+ Kd7 51. Nxb7 Nxe4 52. Nc5+ Nxc5
53. Kxc5 f5 54. Kc4 fxg4 55. Kd3 g3 56. Ke3 e4 57. Ke2 Kc7 58. Ke3 g2 59. Kf2
Kc8 60. Kxg2 Kc7 61. Kg3 1/2-1/2

[Event "Open International des Sables d'Olonne"]
[Site "Les Sables d'Olonne ; France"]
[Date "2015.07.11"]
[Round "1.6"]
[White "Henry, Florent"]
[Black "Swayams, Mishra"]
[Result "0-1"]
[WhiteElo "1914"]
[BlackElo "2429"]
[PlyCount "64"]
[EventDate "2015.??.??"]

1. e4 e5 2. Nf3 Nc6 3. d4 exd4 4. Nxd4 Nf6 5. Nxc6 bxc6 6. e5 Qe7 7. Qe2 Nd5 8.
g3 g6 9. Bg2 Bg7 10. O-O O-O 11. Re1 Re8 12. c4 Ba6 13. Qe4 Nb6 14. f4 Nxc4 15.
Nc3 Qc5+ 16. Kh1 f6 17. Be3 Nxe3 18. Rxe3 fxe5 19. Rae1 d5 20. Nxd5 cxd5 21.
Qxd5+ Qxd5 22. Bxd5+ Kf8 23. fxe5 Ke7 24. Rc3 Rac8 25. Ra3 Red8 26. Bc6 Bc4 27.
Ra5 Rd2 28. b3 Be2 29. Bg2 Rcd8 30. Rc5 Rxa2 31. Rxc7+ Rd7 32. Rc5 Bh6 0-1

[Event "Open International des Sables d'Olonne"]
[Site "Les Sables d'Olonne ; France"]
[Date "2015.07.12"]
[Round "2.1"]
[White "Le Roux, Jean-Pierre"]
[Black "Maloberti, David"]
[Result "1-0"]
[WhiteElo "2572"]
[BlackElo "2073"]
[Annotator "Violeau,Jean-Luc"]
[PlyCount "53"]
[EventDate "2015.??.??"]

1. Nf3 f5 2. d3 d5 3. b3 Nf6 4. Bb2 e6 5. g3 Bb4+ 6. Nbd2 O-O 7. Bg2 Nc6 8. O-O
Bc5 9. a3 a5 10. Qe1 Ra6 11. e4 b5 12. Qe2 b4 13. axb4 Bxb4 14. Rad1 Qe8 15. c4
dxe4 16. dxe4 Qh5 17. exf5 exf5 18. c5 Re8 19. Qd3 Rd8 20. Qc2 Be6 21. Rfe1 Bd5
22. Nh4 f4 23. Bxf6 gxf6 24. Bxd5+ Rxd5 25. Qc4 fxg3 26. hxg3 Ra8 27. Ne4 {1-0
Le Roux,J (2572)-Maloberti,D (2073)/Sables d'Olonne 2015} 1-0

[Event "Open International des Sables d'Olonne"]
[Site "Les Sables d'Olonne ; France"]
[Date "2015.07.12"]
[Round "2.2"]
[White "Chargelegue, Thomas"]
[Black "Lagarde, Maxime"]
[Result "1/2-1/2"]
[WhiteElo "2094"]
[BlackElo "2544"]
[Annotator "Violeau,Jean-Luc"]
[PlyCount "74"]
[EventDate "2015.??.??"]

1. e4 c5 2. Nf3 Nc6 3. d4 cxd4 4. Nxd4 Qb6 5. Nb3 Nf6 6. Nc3 e6 7. Be3 Qc7 8.
Qd2 Bb4 9. f3 d5 10. a3 Bxc3 11. Qxc3 e5 12. exd5 Nxd5 13. Qd2 Nxe3 14. Qxe3
Be6 15. Bb5 O-O 16. Bd3 f5 17. O-O Rae8 18. Qc5 Kh8 19. Bb5 Rf6 20. Bxc6 bxc6
21. Rfe1 Bg8 22. Qa5 Qb6+ 23. Qc5 e4 24. Qxb6 axb6 25. fxe4 fxe4 26. Re3 Bd5
27. Rae1 c5 28. Nc1 Ref8 29. h3 Bc6 30. Ne2 Rf2 31. b3 h5 32. c4 h4 33. b4 R2f5
34. Nc3 Re5 35. Nd5 Bxd5 36. cxd5 cxb4 37. axb4 Rxd5 {1/2-1/2 Chargelegue,T 
(2094)-Lagarde,M (2544)/Sables d'Olonne 2015} 1/2-1/2

[Event "Open International des Sables d'Olonne"]
[Site "Les Sables d'Olonne ; France"]
[Date "2015.07.12"]
[Round "2.3"]
[White "Demuth, Adrien"]
[Black "Bordais, Benjamin"]
[Result "1-0"]
[WhiteElo "2531"]
[BlackElo "2055"]
[Annotator "Violeau,Jean-Luc"]
[PlyCount "131"]
[EventDate "2015.??.??"]

1. d4 d5 2. c4 dxc4 3. e3 e5 4. Bxc4 exd4 5. exd4 Nf6 6. Nf3 Bd6 7. O-O O-O 8.
h3 Nbd7 9. Nc3 Nb6 10. Bb3 c6 11. Bg5 Be7 12. Re1 Nfd5 13. Rxe7 Nxe7 14. Qe2
Re8 15. Re1 Nbd5 16. Nxd5 cxd5 17. Bxe7 Qa5 18. Bb4 Rxe2 19. Bxa5 Rxe1+ 20.
Nxe1 Be6 21. Nc2 b6 22. Bc3 f6 23. Ne3 Rd8 24. f4 g6 25. Kf2 a5 26. g4 Kf8 27.
Ba4 Bd7 28. Bd1 Bc6 29. Bf3 Ke7 30. Nc4 Rb8 31. Ne3 Rd8 32. f5 Kd6 33. fxg6
hxg6 34. h4 Rh8 35. Kg3 Re8 36. Ng2 g5 37. hxg5 fxg5 38. Bd2 Rg8 39. Be2 Ke6
40. Ne1 Kf6 41. Bd3 Bd7 42. Nf3 Be6 43. b3 Rg7 44. Bc1 Rg8 45. Be3 Rg7 46. Bd2
Rg8 47. Bb5 Rg7 48. Bc6 Rg8 49. Bb5 Rg7 50. a3 Rg8 51. b4 axb4 52. axb4 Rg7 53.
Bc6 Rg8 54. b5 Rg7 55. Bc1 Rg8 56. Ba3 Rd8 57. Nxg5 Bd7 58. Nf3 Bxc6 59. bxc6
Ke6 60. Kf4 Ra8 61. Bb4 Ra4 62. Ng5+ Kf6 63. c7 Ra8 64. Nh7+ Ke6 65. Nf8+ Kf7
66. Ke5 {1-0 Demuth,A (2531)-Bordais,B (2055)/Sables d'Olonne 2015} 1-0

[Event "Open International des Sables d'Olonne"]
[Site "Les Sables d'Olonne ; France"]
[Date "2015.07.12"]
[Round "2.4"]
[White "De Lussac, Rainier"]
[Black "Riff, Jean-Noel"]
[Result "0-1"]
[WhiteElo "2065"]
[BlackElo "2502"]
[Annotator "Violeau,Jean-Luc"]
[PlyCount "78"]
[EventDate "2015.??.??"]

1. d4 e6 2. Nf3 c5 3. e3 Nf6 4. Nbd2 d5 5. c3 Nc6 6. Bd3 Bd6 7. dxc5 Bxc5 8. b4
Bd6 9. Bb2 Bd7 10. a3 Rc8 11. Rc1 a5 12. b5 Ne5 13. Nxe5 Bxe5 14. Nf3 Bd6 15.
c4 dxc4 16. Bxc4 Qe7 17. Qb3 O-O 18. O-O e5 19. Rfd1 Bg4 20. Bxf7+ Rxf7 21.
Rxc8+ Bxc8 22. Ng5 Ne8 23. Nxf7 Qxf7 24. Qc3 Bg4 25. f3 Bd7 26. a4 b6 27. Qd3
Bf5 28. Qc3 h6 29. Qc6 Bc5 30. Rd8 Bxe3+ 31. Kh1 Bg6 32. Bxe5 Qf5 33. Rxe8+ Kh7
34. g4 Qb1+ 35. Kg2 Qg1+ 36. Kh3 Qf1+ 37. Kg3 Qf2+ 38. Kh3 Bxe8 39. Bg3 Qf1+ {
0-1 De Lussac,R (2065)-Riff,J (2502)/Sables d'Olonne 2015} 0-1

[Event "Open International des Sables d'Olonne"]
[Site "Les Sables d'Olonne ; France"]
[Date "2015.07.12"]
[Round "2.5"]
[White "Swayams, Mishra"]
[Black "Jarreton, Herve"]
[Result "1-0"]
[WhiteElo "2429"]
[BlackElo "2033"]
[PlyCount "77"]
[EventDate "2015.??.??"]

1. d4 Nf6 2. c4 c5 3. d5 b5 4. cxb5 e6 5. Nc3 exd5 6. Nxd5 Bb7 7. Nxf6+ Qxf6 8.
Nf3 a6 9. e3 Be7 10. bxa6 Nxa6 11. Be2 O-O 12. O-O d5 13. Bd2 Rfd8 14. Bc3 Qh6
15. Qb3 Ra7 16. Rfd1 Nc7 17. Be5 Bc6 18. Qc2 Na6 19. a3 Nb8 20. Bf4 g5 21. Bg3
Nd7 22. Qf5 Qf6 23. Bd3 Qxf5 24. Bxf5 Bf6 25. Rab1 d4 26. exd4 Bxf3 27. gxf3
Bxd4 28. f4 gxf4 29. Bxf4 Re8 30. Kf1 Ne5 31. Re1 f6 32. Be4 Rb8 33. Re2 Kg7
34. Kg2 Kh8 35. Kh1 Ra6 36. Bf5 Rab6 37. a4 Rb4 38. a5 Ra4 39. Bd2 1-0

[Event "Open International des Sables d'Olonne"]
[Site "Les Sables d'Olonne ; France"]
[Date "2015.07.12"]
[Round "2.6"]
[White "Suez-Panama, Gilles"]
[Black "Colin, Vincent"]
[Result "0-1"]
[WhiteElo "2035"]
[BlackElo "2382"]
[PlyCount "90"]
[EventDate "2015.??.??"]

1. d4 Nf6 2. Nf3 g6 3. c4 Bg7 4. Nc3 O-O 5. g3 d6 6. Bg2 Nbd7 7. O-O e5 8. h3
Re8 9. Be3 exd4 10. Nxd4 Nc5 11. Rc1 a5 12. b3 h5 13. Bg5 c6 14. Qc2 Qb6 15.
Rcd1 Nfd7 16. Ndb5 cxb5 17. Nd5 Qa7 18. Nc7 Re5 19. Bf4 bxc4 20. bxc4 Ne6 21.
Bxe5 Nxe5 22. Nxa8 Qxa8 23. Rxd6 Qb8 24. Rfd1 Qc7 25. c5 Nxc5 26. R6d5 b6 27.
f4 Ned7 28. e4 h4 29. e5 hxg3 30. Rd6 Nf8 31. Rc6 Qb8 32. Rd8 Bf5 33. Qd1 Qa7
34. Qd6 Nce6 35. Rb8 b5+ 36. Rcb6 Nxf4 37. R8b7 Qa8 38. Qe7 Be6 39. Bc6 Bxe5
40. Rb8 Bd4+ 41. Kf1 g2+ 42. Ke1 g1=Q+ 43. Kd2 Qe3+ 44. Kd1 Qd3+ 45. Kc1 Ne2#
0-1

[Event "Open International des Sables d'Olonne"]
[Site "Les Sables d'Olonne ; France"]
[Date "2015.07.12"]
[Round "2.7"]
[White "Lazarev, Vladimir"]
[Black "Lapeyre, Pierre"]
[Result "1/2-1/2"]
[WhiteElo "2371"]
[BlackElo "1996"]
[Annotator "Violeau,Jean-Luc"]
[PlyCount "128"]
[EventDate "2015.??.??"]

1. d4 d5 2. Nf3 Bg4 3. e3 Nc6 4. Be2 e6 5. c4 Bd6 6. Nc3 Nf6 7. h3 Bh5 8. g4
Bg6 9. c5 Be7 10. Bb5 O-O 11. Bxc6 bxc6 12. Ne5 Ne4 13. Nxc6 Qe8 14. Ne5 Bh4
15. O-O f5 16. f3 Nxc3 17. bxc3 fxg4 18. hxg4 h5 19. Bd2 hxg4 20. fxg4 Be4 21.
Qe2 Rb8 22. Rxf8+ Kxf8 23. Rf1+ Kg8 24. Be1 Bg5 25. Bg3 Bf6 26. Qh2 Bxe5 27.
Bxe5 Qg6 28. Qh5 Qxh5 29. gxh5 Rb2 30. Rf2 Rxf2 31. Kxf2 c6 32. Kg3 Kf7 33. Kh4
Bb1 34. a3 Bc2 35. Kg5 Bd1 36. Bb8 a6 37. Bd6 Be2 38. Bh2 Bd3 39. Bg3 Be2 40.
Bc7 Bd1 41. Ba5 Be2 42. Bb6 Bd3 43. Bc7 Bc4 {(=)} 44. Be5 Be2 45. a4 Bd1 46. a5
Be2 47. Bd6 Bd1 48. Bg3 Be2 49. Bh4 Bd3 50. Be1 Be2 51. Bh4 Bd3 52. h6 gxh6+
53. Kxh6 Ke8 54. Kg7 Kd7 55. Kf6 Be4 56. Ke5 Bf3 57. Be1 Be4 58. c4 Bh1 59.
cxd5 exd5 60. Bh4 Be4 61. Bg5 Bh1 62. Bh4 Be4 63. Bg5 Bh1 64. Bh4 Be4 1/2-1/2

[Event "Open International des Sables d'Olonne"]
[Site "Les Sables d'Olonne ; France"]
[Date "2015.07.12"]
[Round "2.8"]
[White "Ashanina, Olga"]
[Black "Hutois, Mickael"]
[Result "0-1"]
[WhiteElo "2009"]
[BlackElo "2279"]
[PlyCount "42"]
[EventDate "2015.??.??"]

1. e4 e5 2. Nf3 Nc6 3. Bb5 g6 4. c3 Bg7 5. O-O a6 6. Bc4 Nge7 7. Ng5 O-O 8. f4
exf4 9. d4 h6 10. Nxf7 Rxf7 11. Rxf4 d5 12. Rxf7 Kxf7 13. exd5 Na5 14. Qf1+ Nf5
15. g4 Nxc4 16. gxf5 Qxd5 17. fxg6+ Kxg6 18. Qd3+ Bf5 19. Qg3+ Kh7 20. Qxc7 Re8
21. Qg3 Bxd4+ 0-1

[Event "Open International des Sables d'Olonne"]
[Site "Les Sables d'Olonne ; France"]
[Date "2015.07.13"]
[Round "3.1"]
[White "Serralta, Michel"]
[Black "Le Roux, Jean-Pierre"]
[Result "1-0"]
[WhiteElo "2112"]
[BlackElo "2572"]
[Annotator "Violeau,Jean-Luc"]
[PlyCount "50"]
[EventDate "2015.??.??"]

1. d4 Nf6 2. c4 e6 3. Nc3 Bb4 4. e3 O-O 5. Bd3 d5 6. Nf3 c5 7. O-O dxc4 8. Bxc4
Nbd7 9. a3 Bxc3 10. bxc3 b6 11. Re1 Bb7 12. Bd3 Be4 13. Ba6 Qc7 14. Ng5 Bg6 15.
Qf3 h6 16. Nh3 e5 17. e4 exd4 18. e5 Nxe5 19. Qg3 Rfe8 20. Bf4 Ne4 21. Rxe4
Bxe4 22. Re1 Bd3 23. Rxe5 Bxa6 24. f3 Qc6 25. Nf2 Qg6 {1-0 Serralta,M (2112)
-Le Roux,J (2572)/Sables d'Olonne 2015} 1-0

[Event "Open International des Sables d'Olonne"]
[Site "Les Sables d'Olonne ; France"]
[Date "2015.07.13"]
[Round "3.2"]
[White "Flachet, Thierry"]
[Black "Demuth, Adrien"]
[Result "0-1"]
[WhiteElo "2100"]
[BlackElo "2531"]
[Annotator "Violeau,Jean-Luc"]
[PlyCount "230"]
[EventDate "2015.??.??"]

1. Nf3 c5 2. c4 Nc6 3. d4 cxd4 4. Nxd4 Nf6 5. Nc3 e6 6. a3 Bc5 7. Nb3 Be7 8. e4
O-O 9. Be2 b6 10. Be3 d6 11. O-O Bb7 12. f3 Re8 13. Qd2 Rc8 14. Rfd1 a6 15. Bf1
Ne5 16. Qf2 Nxc4 17. Bxc4 Rxc4 18. Bxb6 Qb8 19. Na5 Rcc8 20. Rac1 Nd7 21. Ba7
Qa8 22. b4 Ne5 23. Bd4 Nc6 24. Nxc6 Rxc6 25. Na4 Rec8 26. Qb2 Rxc1 27. Rxc1
Rxc1+ 28. Qxc1 Bc6 29. Nb6 Qb7 30. a4 Bf6 31. Bf2 d5 32. exd5 exd5 33. Qc5 Be7
34. Qd4 Bf6 35. Qc5 Be7 36. Qd4 h6 37. b5 axb5 38. axb5 Bxb5 39. Nxd5 Bf8 40.
h3 Bc6 41. Nc3 Qb2 42. Ne4 Qb1+ 43. Kh2 Qc2 44. Nc5 Be7 45. Kh1 Bf6 46. Qe3 Bg5
47. Qd4 Qb1+ 48. Bg1 Qe1 49. Qf2 Qd1 50. Qd4 Bxf3 51. Qxd1 Bxd1 52. Bd4 f6 53.
Kg1 Kf7 54. Kf2 Bf4 55. Nd3 Bd6 56. Ke3 Ba4 57. Nf4 g5 58. Ne2 Bc6 59. Kf2 h5
60. Ba7 Kg6 61. Be3 Bb7 62. g4 Bc8 63. Kf3 Bb7+ 64. Kf2 Bc8 65. Kf3 Ba6 66. Ng3
h4 67. Ne2 Kf7 68. Kf2 Ke6 69. Bd4 Bb7 70. Be3 Kd5 71. Ba7 Ke4 72. Bb6 Be5 73.
Ba7 Bd5 74. Bb6 Bc4 75. Ba7 Bd5 76. Bb6 Bc4 77. Ba7 Kd3 78. Bb6 Bd5 79. Ba7 Be6
80. Bb6 Bc4 81. Kf3 Kd2 82. Ba5+ Kd1 83. Nc3+ Kc2 84. Ne2 Bd5+ 85. Kf2 Kd3 86.
Bb6 Bd6 87. Ba7 Bc7 88. Bc5 Bc4 89. Ba7 Bd5 90. Bc5 f5 91. gxf5 g4 92. Ng1 g3+
93. Kf1 Ke4 94. Be7 Kxf5 95. Bxh4 g2+ 96. Ke2 Kf4 97. Bf2 Bc4+ 98. Kd1 Ba5 99.
Kc1 Bb3 100. Kb2 Ba4 101. Kc1 Bc3 102. h4 Kg4 103. Kb1 Bd2 104. Kb2 Bd1 105.
Kb1 Ba4 106. Kb2 Bd1 107. Kb1 Bb3 108. Kb2 Ba4 109. Kb1 Bd1 110. Kb2 Kf4 111.
Nh3+ Ke4 112. Bg1 Be3 113. Bh2 Bg4 114. Ng1 Bf4 115. Bxf4 Kxf4 {0-1 Flachet,T 
(2100)-Demuth,A (2531)/Sables d'Olonne 2015} 0-1

[Event "Open International des Sables d'Olonne"]
[Site "Les Sables d'Olonne ; France"]
[Date "2015.07.13"]
[Round "3.3"]
[White "Riff, Jean-Noel"]
[Black "Dubois, Pierre"]
[Result "1-0"]
[WhiteElo "2502"]
[BlackElo "2112"]
[Annotator "Violeau,Jean-Luc"]
[PlyCount "118"]
[EventDate "2015.??.??"]

1. e4 e5 2. Nf3 Nc6 3. Bb5 Nf6 4. O-O Nxe4 5. d4 Nd6 6. dxe5 Nxb5 7. a4 Nbd4 8.
Nxd4 d5 9. exd6 Nxd4 10. Qxd4 Qxd6 11. Qe4+ Qe6 12. Qf3 Bd6 13. Nc3 O-O 14. Nb5
Bd7 15. Nxd6 Qxd6 16. Qxb7 Rfe8 17. Qf3 Bc6 18. Qg3 Qxg3 19. hxg3 Re2 20. c3
Rae8 21. b4 Rc2 22. b5 Bd5 23. Bf4 c6 24. Rfc1 Rxc1+ 25. Rxc1 cxb5 26. axb5 Bc4
27. Rb1 Rc8 28. Rb4 h6 29. Be3 a5 30. Rb1 a4 31. b6 a3 32. Bf4 a2 33. Ra1 Bd5
34. c4 Rxc4 35. Rxa2 Rb4 36. Rd2 Bc6 37. Be3 Rb1+ 38. Kh2 Kf8 39. Rd6 Be4 40.
Rd7 Rb5 41. g4 Ke8 42. Rc7 Bd5 43. Rc8+ Kd7 44. Rg8 g6 45. Rh8 Be6 46. Kg3 h5
47. gxh5 gxh5 48. Kh4 Rb1 49. Rxh5 Bc4 50. Rc5 Bf1 51. Rc7+ Ke6 52. Kg3 Bd3 53.
Kf3 Rb3 54. g4 Rb4 55. Re7+ Kf6 56. g5+ Kg6 57. Bc5 Rb3 58. Re3 Kxg5 59. b7 Kf5
{Ke4+ 1-0 Riff,J (2502)-Dubois,P (2112)/Sables d'Olonne 2015} 1-0

[Event "Open International des Sables d'Olonne"]
[Site "Les Sables d'Olonne ; France"]
[Date "2015.07.13"]
[Round "3.4"]
[White "Le Pen, Steven"]
[Black "Swayams, Mishra"]
[Result "0-1"]
[WhiteElo "1961"]
[BlackElo "2429"]
[Annotator "Violeau,Jean-Luc"]
[PlyCount "70"]
[EventDate "2015.??.??"]

1. e4 e6 2. d4 d5 3. Nc3 Nf6 4. Bg5 Bb4 5. e5 h6 6. Be3 Ne4 7. Qg4 g6 8. a3
Bxc3+ 9. bxc3 Nxc3 10. Bd3 Qe7 11. h4 Nc6 12. h5 g5 13. f4 gxf4 14. Qxf4 Bd7
15. Nf3 O-O-O 16. Bf2 Qf8 17. Bh4 Re8 18. Bf6 Rg8 19. g4 Ne4 20. Rg1 Nxf6 21.
Qxf6 Qg7 22. Qf4 Rgf8 23. g5 hxg5 24. Rxg5 Qh8 25. Qf6 Qxf6 26. exf6 Rh8 27.
Kd2 Rh6 28. Bg6 Rf8 29. Rag1 Be8 30. c3 fxg6 31. hxg6 Rxf6 32. g7 Ne7 33. g8=Q
Nxg8 34. Rxg8 Rxf3 35. Rxe8+ Kd7 {0-1 Le Pen,S (1961)-Swayams,M (2429)/Sables
d'Olonne 2015} 0-1

[Event "Open International des Sables d'Olonne"]
[Site "Les Sables d'Olonne ; France"]
[Date "2015.07.13"]
[Round "3.5"]
[White "Colin, Vincent"]
[Black "De Lussac, Estephe"]
[Result "1-0"]
[WhiteElo "2382"]
[BlackElo "1931"]
[PlyCount "85"]
[EventDate "2015.??.??"]

1. e4 c5 2. Nf3 e6 3. Qe2 Nc6 4. g3 d6 5. c3 Nge7 6. Bg2 g6 7. h4 h5 8. d3 Bg7
9. Nbd2 O-O 10. O-O Rb8 11. a4 a6 12. Rd1 b5 13. axb5 axb5 14. Nf1 b4 15. d4
bxc3 16. bxc3 cxd4 17. cxd4 Qb6 18. Bg5 Re8 19. Rab1 Qxb1 20. Rxb1 Rxb1 21. d5
Na7 22. Qd3 Rb6 23. Be3 Rb7 24. dxe6 Bxe6 25. Qxd6 Nb5 26. Qa6 Bc8 27. Ng5 Nc7
28. Qa4 Rd8 29. Nd2 Bd7 30. Qc4 Ne6 31. Ndf3 Rc8 32. Qa6 Rbc7 33. Nxe6 Bxe6 34.
Ng5 Rc6 35. Qa3 Bf8 36. Nxe6 fxe6 37. Qb3 Kf7 38. Bh3 Rc4 39. Bg5 R8c6 40. Kg2
Nc8 41. Qf3+ Ke8 42. Qf6 Ne7 43. Bxe6 1-0

[Event "Open International des Sables d'Olonne"]
[Site "Les Sables d'Olonne ; France"]
[Date "2015.07.13"]
[Round "3.6"]
[White "Hutois, Mickael"]
[Black "Delias, Gerard"]
[Result "1-0"]
[WhiteElo "2279"]
[BlackElo "1624"]
[PlyCount "89"]
[EventDate "2015.??.??"]

1. e4 c5 2. Nf3 e6 3. d4 cxd4 4. Nxd4 a6 5. Nc3 Qc7 6. Be3 Bb4 7. Nde2 Nf6 8.
a3 Be7 9. h3 Nc6 10. g4 d5 11. exd5 Nxd5 12. Nxd5 exd5 13. Qxd5 Be6 14. Qe4
O-O-O 15. Bg2 Bd5 16. Qf5+ Be6 17. Qf4 Bd6 18. Qa4 Ne5 19. Nd4 Bd7 20. Qb3 Nc4
21. Bxb7+ Qxb7 22. Qxc4+ Kb8 23. O-O-O Rc8 24. Qxf7 Be5 25. Bf4 Rxc2+ 26. Kxc2
Ba4+ 27. b3 Qxf7 28. Bxe5+ Ka8 29. bxa4 Qa2+ 30. Kd3 Qxa3+ 31. Ke4 Re8 32. g5
Qc5 33. f4 g6 34. Rc1 Qa3 35. Rc6 Qxa4 36. Rb1 Qa2 37. Rbb6 Qg2+ 38. Ke3 Qxh3+
39. Nf3 Rxe5+ 40. fxe5 h6 41. Rxa6+ Kb7 42. Rab6+ Ka7 43. Rb2 Qd7 44. Rc3 Qa4
45. gxh6 1-0

[Event "Open International des Sables d'Olonne"]
[Site "Les Sables d'Olonne ; France"]
[Date "2015.07.13"]
[Round "3.7"]
[White "Charpentier, Denis"]
[Black "Come, Alexandre"]
[Result "0-1"]
[WhiteElo "1808"]
[BlackElo "2189"]
[PlyCount "126"]
[EventDate "2015.??.??"]

1. e4 d6 2. d4 Nf6 3. Nc3 c6 4. f4 Qa5 5. e5 Ne4 6. Bd3 Nxc3 7. Qd2 g6 8. bxc3
dxe5 9. dxe5 Bg7 10. c4 Qb6 11. Qe3 Qb4+ 12. Qd2 Na6 13. Nf3 Qc5 14. Qe3 O-O
15. Qxc5 Nxc5 16. Ba3 b6 17. Bxc5 bxc5 18. Rb1 Ba6 19. O-O f6 20. Rfe1 fxe5 21.
Nxe5 Rxf4 22. Nxc6 Bxc4 23. Rxe7 Bf6 24. Rxa7 Rxa7 25. Nxa7 Bd4+ 26. Kh1 Bxa2
27. Rf1 Rxf1+ 28. Bxf1 Kg7 29. Nb5 Be3 30. Nc3 Be6 31. Nd1 Bd4 32. g3 Bg4 33.
c3 Bf6 34. Nf2 Bf3+ 35. Kg1 Bxc3 36. Bc4 Kf6 37. Nd3 Bd4+ 38. Kf1 Ke7 39. Nf4
g5 40. Nd3 Kd6 41. Ne1 Bd5 42. Bd3 h6 43. Nc2 Ke5 44. Na3 Bc3 45. Ke2 g4 46.
Bb5 Be4 47. Bd7 Bb4 48. Nc4+ Kd4 49. Nd6 Bf3+ 50. Kf2 c4 51. Nf5+ Kd3 52. Nxh6
c3 53. Ba4 Bc5+ 54. Kf1 c2 55. Bxc2+ Kxc2 56. Nf5 Kd3 57. Nh4 Ke4 58. Ng2 Bd4
59. Nh4 Ke3 60. Nf5+ Kd3 61. Nh4 Be4 62. Ng2 Kd2 63. Nh4 Kd1 0-1

[Event "Open International des Sables d'Olonne"]
[Site "Les Sables d'Olonne ; France"]
[Date "2015.07.13"]
[Round "4.1"]
[White "Le Roux, Jean-Pierre"]
[Black "Colin, Vincent"]
[Result "1/2-1/2"]
[WhiteElo "2572"]
[BlackElo "2382"]
[PlyCount "24"]
[EventDate "2015.??.??"]

1. d4 Nf6 2. Bg5 d5 3. e3 c5 4. Nd2 Qb6 5. Bxf6 exf6 6. Ngf3 Qxb2 7. c4 cxd4 8.
Rb1 Qxa2 9. exd4 Bf5 10. Ra1 Qb2 11. cxd5 Bb4 12. Bc4 Bxd2+ 1/2-1/2

[Event "Open International des Sables d'Olonne"]
[Site "Les Sables d'Olonne ; France"]
[Date "2015.07.13"]
[Round "4.2"]
[White "Demuth, Adrien"]
[Black "Hutois, Mickael"]
[Result "1-0"]
[WhiteElo "2531"]
[BlackElo "2279"]
[PlyCount "89"]
[EventDate "2015.??.??"]

1. Nf3 Nf6 2. c4 e6 3. g3 d5 4. Bg2 Be7 5. O-O O-O 6. b3 Nbd7 7. Bb2 c6 8. d4
Ne4 9. Nbd2 f5 10. Ne1 b5 11. Nd3 bxc4 12. bxc4 Rb8 13. c5 Ba6 14. Nb3 Bf6 15.
Qc2 Qc7 16. f3 Ng5 17. Rab1 e5 18. dxe5 Nxe5 19. Bxe5 Bxe5 20. f4 Rxb3 21. Qxb3
Bd4+ 22. Kh1 Ne4 23. Bxe4 fxe4 24. Qa4 exd3 25. Qxa6 d2 26. Qd3 Bxc5 27. e4 Qa5
28. exd5 Rd8 29. d6 Qxa2 30. Rfd1 Qe6 31. Rxd2 Rxd6 32. Qe2 Qxe2 33. Rxe2 Bd4
34. Rb7 h6 35. Kg2 Kh7 36. Rd2 a5 37. Ra7 Rd5 38. Ra6 Bc3 39. Rc2 Bb4 40. Rcxc6
Rd2+ 41. Kh3 Rf2 42. Rc7 Rf3 43. Kg2 Ra3 44. f5 Bc3 45. f6 1-0

[Event "Open International des Sables d'Olonne"]
[Site "Les Sables d'Olonne ; France"]
[Date "2015.07.13"]
[Round "4.3"]
[White "Come, Alexandre"]
[Black "Riff, Jean-Noel"]
[Result "0-1"]
[WhiteElo "2189"]
[BlackElo "2502"]
[PlyCount "38"]
[EventDate "2015.??.??"]

1. e4 c5 2. b4 cxb4 3. a3 d5 4. exd5 Qxd5 5. Nf3 e5 6. c4 Qe6 7. Bb2 Nc6 8. Bd3
Nf6 9. O-O Bd6 10. Re1 O-O 11. Bf1 e4 12. d3 bxa3 13. Nxa3 Bb4 14. Re2 Qf5 15.
dxe4 Nxe4 16. Nd4 Qg6 17. Nxc6 bxc6 18. Qd4 Bf5 19. h4 Bc5 0-1